Online
Catalog

Caamaño frente a la O.E.A. : (Record no. 47893)

MARC details
000 -CABECERA
campo de control de longitud fija 01272nam a2200277 a 4500
001 - NÚMERO DE CONTROL
campo de control 000048405
003 - IDENTIFICADOR DEL NÚMERO DE CONTROL
campo de control DO-SdBNP
005 - FECHA Y HORA DE LA ÚLTIMA TRANSACCIÓN
campo de control 20250113131851.0
008 - DATOS DE LONGITUD FIJA--INFORMACIÓN GENERAL
campo de control de longitud fija 090831s2015 dr c r 000 0 spa d
020 ## - NÚMERO INTERNACIONAL ESTÁNDAR DEL LIBRO
Número Internacional Estándar del Libro 9789945462821
040 ## - FUENTE DE LA CATALOGACIÓN
Centro catalogador/agencia de origen DO-SdBNP
Lengua de catalogación spa
Centro/agencia transcriptor BNPHU
082 ## - NÚMERO DE LA CLASIFICACIÓN DECIMAL DEWEY
Número de clasificación 972.93054
Número de documento/Ítem C111f, 2015
245 00 - MENCIÓN DE TÍTULO
Título Caamaño frente a la O.E.A. :
Resto del título actas de las reuniones del gobierno constitucional que encabezó el presidente constitucional Francisco Alberto Caamaño Deñó, con la Comisión de la O.E.A. y otros documentos relativos a la Guerra Patria de abril 1965 /.
250 ## - MENCIÓN DE EDICIÓN
Mención de edición 2a ed.
260 ## - PUBLICACIÓN, DISTRIBUCIÓN, ETC.
Lugar de publicación, distribución, etc. Santo Domingo :
Nombre del editor, distribuidor, etc. Comisión Permanente de Efemérides Patrias,
Fabricante Búho
Fecha de publicación, distribución, etc. 2015.
300 ## - DESCRIPCIÓN FÍSICA
Extensión v. :
Otras características físicas retrs. ;
Dimensiones 24 cm.
490 1# - MENCIÓN DE SERIE
Mención de serie 50 aniversario de la Geta Patriótica de Abril de 1965 ;
Designación de volumen o secuencia 4 ;
590 ## - NOTA LOCAL (RLIN)
Nota local Inventariado, 2019/ YL
600 14 - PUNTO DE ACCESO ADICIONAL DE MATERIA--NOMBRE DE PERSONA
Nombre de persona Caamaño Deño, Francisco Alberto,
Fechas asociadas al nombre 1932-1973
9 (RLIN) 10026
610 20 - PUNTO DE ACCESO ADICIONAL DE MATERIA--NOMBRE DE ENTIDAD CORPORATIVA
Nombre de entidad corporativa o nombre de jurisdicción como elemento de entrada Organización de los Estados Americanos
9 (RLIN) 17918
650 #4 - PUNTO DE ACCESO ADICIONAL DE MATERIA--TÉRMINO DE MATERIA
Término de materia o nombre geográfico como elemento de entrada Guerrillas
Subdivisión geográfica República Dominicana
9 (RLIN) 17919
651 #4 - PUNTO DE ACCESO ADICIONAL DE MATERIA--NOMBRE GEOGRÁFICO
Nombre geográfico República Dominicana
Subdivisión general Historia
Subdivisión cronológica Revolución, 1965
9 (RLIN) 2167
700 1# - PUNTO DE ACCESO ADICIONAL--NOMBRE DE PERSONA
Nombre de persona Cury, Jottin,
Fechas asociadas al nombre 1921-2011
Término indicativo de función/relación pról.
Información miscelánea De la 1ra. ed.
9 (RLIN) 75811
830 #0 - PUNTO DE ACCESO ADICIONAL DE SERIE-TÍTULO UNIFORME
Título uniforme 50 aniversario de la Geta Patriótica de Abril de 1965
Número de parte o sección de la obra 4
9 (RLIN) 75812
942 ## - ELEMENTOS DE PUNTO DE ACCESO ADICIONAL (KOHA)
Fuente del sistema de clasificación o colocación Dewey Decimal Classification
Tipo de ítem Koha Libro
Holdings
Estado de retiro Estado de pérdida No para préstamo Código de colección Localización permanente Ubicación/localización actual Ubicación en estantería Fecha de adquisición Número de inventario Total de préstamos Signatura topográfica completa Código de barras Fecha visto por última vez Número de copia Precio válido a partir de Tipo de ítem Koha
    Excluido de préstamo Dominicana de Servicio General General Depósito 04.03.2019 LF1   972.93054 C111f, 2015 48405-30 25.06.2020 e. 3 25.06.2020 Libro y Folleto Colección Dominicana de Servicio
    Excluido de préstamo Patrimonio Dominicano Patrimonio Dominicano Patrimonio Dominicano Depósito 04.03.2019 LF1   972.93054 C111f, 2015 48405-10 25.06.2020   25.06.2020 Libro y Folleto Colección Patrimonio Dominicano
    Excluido de préstamo Patrimonio Dominicano Patrimonio Dominicano Patrimonio Dominicano Depósito 04.03.2019 LF1   972.93054 C111f, 2015 48405-20 25.06.2020 e. 2 25.06.2020 Libro y Folleto Colección Patrimonio Dominicano

Powered by Koha